| 000 | 00798nam a22002177a 4500 | ||
|---|---|---|---|
| 999 |
_c20929 _d20929 |
||
| 003 | AR-CdUCM | ||
| 008 | 190417b ||||| |||| 00| 0 spa d | ||
| 040 |
_aMUNICIPALIDAD PROVINCIAL DEL CUSCO _cBIBLIOTECA MUNICIPAL DEL CUSCO |
||
| 082 |
_aEP / 800 / _bR21 |
||
| 100 |
_aRamirez, Pablo _934378 |
||
| 245 | _aEl Cid campeador / | ||
| 260 |
_aBarcelona : _bMolino, _c1962. |
||
| 300 |
_bIlustraciones, _c32 cm. |
||
| 500 | _aTexto si numeración de páginas. | ||
| 505 | _aContenido : La España del Cid -- Las mocedades del Cid -- Rodrigo "el campeador" -- El Cid en el destierro -- El Cid en tierras Valencianas ... | ||
| 650 |
_aPoesías épicas españolas. _932661 |
||
| 650 |
_aHistoria caballeresca _943666 |
||
| 650 |
_aLiteratura española _9362 |
||
| 942 |
_2ddc _cLIBROS |
||
| 945 | _arcc | ||